Szczegóły MARC21

Literatura rosyjska : podręcznik. T. 2 /

003 -Nazwa inst., której nr kontr. jest w polu 001 [,]
    • @
    • Nazwa instytucji, której n kontrolny jest w polu 001
    • NUKAT
005 -DATA I CZAS OSTATNIEJ MODYFIKACJI [,]
    • @
    • pole kontrolne
    • 20241231090654.0
040 -Instytucja sporządzająca opis [ , ]
    • a
    • Instytucja, która sporządziła opis (NP)
    • OLSZT 003/BK
    • b
    • Język katalogowania
    • pol
    • e
    • Zasady katalogowania
    • rda
    • c
    • Instytucja, która sporządziła rekord (NP)
    • OLSZT 003/BK
    • d
    • Instytucja, która zmodyfikowała rekord (P)
    • OLSZT 003/DK
    • d
    • Instytucja, która zmodyfikowała rekord (P)
    • GL 001/IFW
    • d
    • Instytucja, która zmodyfikowała rekord (P)
    • KAT U/41BM
942 -Rodzaj dokumentu [ , ]
    • c
    • Rodzaj dokumentu
    • Książka
245 -Strefa tytułu i oznaczenia odpowiedzialności [0,0]
    • a
    • Tytuł
    • Literatura rosyjska : Find
    • b
    • Ciąg dalszy tytułu (NP)
    • podręcznik. Find
    • n
    • Oznaczenie części (P)
    • T. 2 /
    • c
    • Pozostałe elementy strefy tytułu i oznaczenia odpowiedzialności (NP)
    • Autorzy: Zbigniew Barański [i inni] ; układ i redakcja ogólna Mariana Jakóbca.
250 -Strefa wydania [ , ]
    • a
    • Oznaczenie wydania (NP)
    • Wydanie pierwsze.
260 -Strefa adresu wydawniczego [ , ]
    • a
    • Miejsce wydania (P)
    • Warszawa :
    • b
    • Nazwa wydawcy (P)
    • Państwowe Wydawnictwo Naukowe,
    • c
    • Data wydania (P)
    • 1971.
300 -Strefa opisu fizycznego [ , ]
    • a
    • Określenie formy książki i/lub objętość (NP)
    • 1004 strony :
    • b
    • Oznaczenie ilustracji (NP)
    • ilustracje ;
    • c
    • Format (NP)
    • 25 cm.
336 -Typ zawartości [ , ]
    • a
    • Termin opisujący typ zawartości
    • Tekst
    • b
    • Kod określający zawartość
    • txt
    • 2
    • Źródło (terminu i kodu)
    • rdacontent
337 -Typ mediów [ , ]
    • a
    • Tryb odtwarzania
    • Bez urządzenia pośredniczącego
    • b
    • Kod typu mediów
    • n
    • 2
    • Źródło (terminu i kodu)
    • rdamedia
338 -Typ/rodzaj nośnika [ , ]
    • a
    • Hasło opisujące typ nośnika
    • Wolumin
    • b
    • Kod typu nośnika
    • nc
    • 2
    • Źródło (terminu i kodu)
    • rdacarrier
504 -Uwaga dot. bibliogr. załącznikowej [ , ]
    • a
    • Uwaga dot. bibliografii załącznikowej
    • Bibliografia na stronach 773-842. Indeks.
080 -Uniwersalna Klasyfikacja Dziesiętna [ , ]
    • a
    • Symbol klasyfikacji
    • 882(091)(075.8)
650 -Hasło przedmiotowe [ ,7]
    • a
    • Hasło przedmiotowe
    • Literatura rosyjska
    • y
    • Określnik chronologiczny
    • 19 w.
    • x
    • Określnik rzeczowy
    • historia i krytyka.
    • 2
    • Źródło terminu
    • kaba
    • 9
    • KHW
    • 351229
650 -Hasło przedmiotowe [ ,7]
    • a
    • Hasło przedmiotowe
    • Literatura rosyjska
    • y
    • Określnik chronologiczny
    • 1900-1945
    • x
    • Określnik rzeczowy
    • historia i krytyka.
    • 2
    • Źródło terminu
    • kaba
    • 9
    • KHW
    • 364532
980 -Symbol UKD [ , ]
    • a
    • UKD
    • 882(091)(075.8)
700 -Hasło dodatkowe - nazwa osobowa [1, ]
    • a
    • Nazwa osobowa (NP)
    • Jakóbiec, Marian Find
    • d
    • Daty biograficzne (NP)
    • (1910-1998).
    • e
    • Określenie rodzaju współpracy
    • Redakcja
    • 9
    • KHW
    • 43281
700 -Hasło dodatkowe - nazwa osobowa [1, ]
    • a
    • Nazwa osobowa (NP)
    • Barański, Zbigniew Find
    • d
    • Daty biograficzne (NP)
    • (1925-2009).
    • e
    • Określenie rodzaju współpracy
    • Autor
    • 9
    • KHW
    • 43282
710 -Hasło dodatkowe - nazwa ciała zbiorowego [2, ]
    • a
    • Nazwa ciała zbiorowego lub nazwa geograficzna jako pierwszy element (NP)
    • Państwowe Wydawnictwo Naukowe (1951-1992).
    • e
    • Rodzaj współpracy
    • Wydawca
    • 4
    • Kod relacji
    • pbl
    • 9
    • KHW
    • 52048
Lokalizacja Data inwentaryzacji Numer inwentarzowy Sygnatura Status udost.
BG2005-02-17W.5130W.1408-3
BG2005-02-17W.5131W.14082
BG2005-02-17W.5132W.1408-3
BG2005-02-17W.5133W.14082
BG2005-02-17W.5134W.14082
BG2005-02-17W.5137W.14082
BG2005-02-17W.5138W.14082
BG2005-02-17W.5139W.14082
BG2005-02-17W.5142W.14082
BG2005-02-17W.5143W.14082
BG2005-02-17W.5144W.14082
BG2005-02-17W.5145W.14082
BG2005-02-17W.5146W.14082
BG2005-02-17W.5147W.14082
BG2005-02-17W.5148W.14082
BG2005-02-17W.5149W.14082
BG2005-02-17W.5150W.14082
BG2005-02-17W.5153W.1408-6
BG2005-02-17W.5154W.14082
BG2005-02-17W.5155W.14082
BG2005-02-17W.5156W.14082
BG2005-02-17W.5158W.14082
BG2005-02-17W.43478W.1408-3
BG2005-02-17W.80834W.808332
BG2005-02-17W.5135W.1408-6
BG2005-02-17W.5136W.1408-6
BG2005-02-17W.5140W.1408-6
BG2005-02-17W.5141W.1408-6
BG2005-02-17W.5151W.1408-6
BG2005-02-17W.5152W.1408-6
BG2005-02-17W.5157W.1408-6
BG2005-02-17Z.2088Z.5511
BM2005-02-17R.3635 2
BM2005-07-26P.19672 1
BM2006-02-10P.19982ROS. Historia lit. rosyjskiej 021